| 000 | 01443nem a2200289 i 4500 | ||
|---|---|---|---|
| 001 | 64987 | ||
| 003 | ES-MaACL | ||
| 005 | 20240424133443.0 | ||
| 007 | t| | ||
| 008 | 040107s1916 sp | |0|1||spa d | ||
| 130 | 0 |
_aMelilla. _kMapas topográficos. _f1916. _9161585 |
|
| 245 | 1 | 0 |
_aMapa de Melilla, Alhucemas y el Peñón [ _hMaterial cartográfico] / _cpor Don Fernando J. Frades Urien y Don Francisco Barnola Escrivá de Romaní. |
| 255 | _aEscala 1:200.000. | ||
| 260 |
_aMadrid : _bLit. Mateu, _c1916. |
||
| 300 |
_a1 mapa : _bcol. ; _c93 x 68 cm pleg. en h. 24 x 16 cm. en una carpetilla. |
||
| 501 | _aInserta: Mapa de conjunto: Península Ibérica y zona de influencia española y cuadro de datos estadísticos de la ciudad de Melilla. | ||
| 507 | _aEscala expresada también en millas. | ||
| 596 | _aLa fecha en la portada de la carpeta que guarda el mapa pleg. es 1916, en el interior en la parte inferior del mapa figura: Melilla 1915. | ||
| 597 | _aOrientado. - Meridiano de origen: Madrid. - Márgenes graduados. - Relieve representado por normales. - Hidrografía. | ||
| 651 | 4 |
_aAlhucemas (Marruecos) _xDescripción _97678 |
|
| 700 | 1 |
_aBarnola Escrivá de Romaní, Francisco. _925741 |
|
| 700 | 0 |
_aFrades Urien, Fernando J. _952060 |
|
| 730 | 0 |
_aMarruecos. Protectorado español. _kMapas topográficos. _f1916. _9161586 |
|
| 852 |
_aES-MaACL _j1503-F-15 |
||
| 942 | _2udc | ||
| 999 |
_c64987 _d64987 |
||